01370nam a2200337 a 4500001001000000003000500010005001700015008004100032010001100073011001100084040000900095090001000104100003800114245010400152260004100256500006000297502007700357590004100434590004000475590004000515650002800555650003200583650002900615856007000644901000700714942001000721942000600731999001900737952014000756952013600896000111168CHAP20220329144201.0141210s2014 mx sm |||||||spa d a107630 a108602 cCHAP aTesis1 aFlores Salvador, Graciela912897310aEvaluación de lineas avanzadas de arroz tipo morelosh[En línea]cpor Graciela Flores Salvador. aChapingo, Méx. :bEl autor,c2014. aPara ver el contenido del material haga clic en la liga aTesis (Ing. Agr. Esp. en Fitotecnia) -- UACH. Departamento de Fitotecnia aE11695DGDb10c20141215lUCH01h1440 aE5765TAJb05c20141210lUCH01h1223 aE5765TAJb05c20141210lUCH01h122314aArrozxCultivo.912897414aArrozxEspaciamiento.9760414aArrozxVariedades.97668 aFinding aiduhttp://10.13.5.2/tesis/sist111168.pdfzTeclea aquí aBK cTESIS n0 c107630d107630 00102local4053708TESISaBCbBCcPA_TESISd2014-12-10fTESISl0oTesisp33724002439207r2019-12-31 00:00:00tc.2w2019-12-31yTESIS 00104054718TESISaBCbBCd2014-12-10fTESISl0oTesisp33724002439248r2019-12-31 00:00:00w2019-12-31yTESISzRecien adquirido